01787nam a2200325Ia 450000500170000000800410001702000190005810000310007724501230010825000400023130000600027149000680033150000330039952005240043252100500095665000490100665000490105565000350110465000370113965000460117670000260122294200150124826400490126333600270131233700330133933800280137204000350140008400110143599900150144620220317000952.0160825s2008 mx a g 000 0 spa  a978968164710121 aHinojosa, Franciscod1954-13aLa peor señora del mundoc Francisco Hinojosa ; ilustraciones de Rafael Barajas "El fisgón" ; editor Daniel Goldin a2a. edición b15a. reimpresión  a42 páginas bilustraciones en blanco y negro c19 cm  aA la orilla del vientoppara los que están aprendiendo a leer aIncluye datos biográficos  aEn el norte de Turambul, había una vez una señora que era la peor señora del mundo. A sus hijos los castigaba cuando se portaban bien y cuando se portaban mal. Los niños del vecindario se echaban a correr en cuanto veían que ella se acercaba. Lo mismo sucedia con los señores y las señoras y los viejitos y las viejitas y los policias y los dueños de las tiendas. Hasta que un día sus hijos y todos los habitantes del pueblo se cansaron de ella y decidieron hacer algo para poner fin a tantas maldades aRecomendado para niños a partir de 6 años142LEMBaCuentos infantiles mexicanosySiglo XX142LEMBaLiteratura infantil mexicanaySiglo XX142LEMBaFamilia en la literatura142LEMBaViolencia en la literatura142LEMBaRelaciones humanas en la literatura1 aBarajas, Rafael98578 2loccBKINF aMéxicobFondo de Cultura Económicac2008 atextobtxt2rdacontent asin mediaciónbn2rdamedia avolumenbnc2rdacarrier aCO-BoRNBPbspaerdacCO-BoRNBP aC HIN1 c5546d5546